000 00647nab a2200157Ia 4500
003 ES-SlBCS
005 20210601145351.0
008 140529s1984 xxu||||| |||| 00| 0 spa d
041 _aspa
100 1 _aConejos Miquel, José
_9311376
245 0 0 _aSituación social interespecífica versus aislamiento: efectos sobre la respuesta intraespecífica del pez luchador del Siam (betta splendens)
_c José Conejos Miquel, Gregorio Gómez-Jarabo García
650 0 4 _aPsicología
_944875
773 0 _tRevista de Psicologia General y Aplicada
_gvol. 39, 1984, págs. 341-352
_wRev1347
700 1 _aGómez-Jarabo García, Gregorio
_9311377
942 _cAR
999 _c723513
_d723513